Normal view
MARC view
- Saqib Khan
Entry Personal Name
001 - CONTROL NUMBER
- control field: 22895
003 - CONTROL NUMBER IDENTIFIER
- control field: NUST
005 - DATE AND TIME OF LATEST TRANSACTION
- control field: 20191004150713.0
008 - FIXED-LENGTH DATA ELEMENTS
- fixed length control field: 191004|| aca||aabn | a|a d
040 ## - CATALOGING SOURCE
- Original cataloging agency: NUST
- Transcribing agency: NUST
100 ## - HEADING--PERSONAL NAME
- Personal name: Saqib Khan
670 ## - SOURCE DATA FOUND
- Source citation: Work cat.: (NUST)24813: Saqib Khan, MS/Thesis: Modeling and Simulation of Spiking Neural Networks Models Using SpiNNaker, 2014
